| 000 | 00418cam a2200157ua 4500 | ||
|---|---|---|---|
| 041 |
_aeng _h |
||
| 082 |
_a828.09 _bLEW/EN |
||
| 100 | _aLewis, C.S . | ||
| 245 |
_aEnglish Literature In the Sixteenth century Exciuding Drama / _cC.S.Lewis. _hTextual Documents |
||
| 250 |
_a1 / _b. |
||
| 260 |
_aLendon : _bOxford University Press , _c1962. |
||
| 300 | _a696 ; . | ||
| 504 | _a | ||
| 942 | _cBK | ||
| 999 |
_c2798 _d2798 |
||